Food Quiz 2 - Statistics

General Stats
  • This quiz has been taken 67 times
  • The average score is 7 of 8
Answer Stats
Picture Answer % Correct
Coffee
96%
Burger
93%
Water
93%
Chocolate
91%
Croissant
89%
Pancakes
89%
Waffles
82%
Soda
65%
No matching quizzes found
Score Distribution
Percent of People with Each Score
Percentile by Number Answered
Your Score History
You have not taken this quiz